000 00694cam a2200253 a 4500
001 14938033
005 20171215042220.0
008 070723s2008 mauab b 001 0 eng
010 _a 2007933542
020 _a9780618994625 (hardcover)
040 _aDLC
_cDLC
041 _aeng
042 _apcc
043 _an-us---
080 _a973
082 0 0 _a973 BER
_223
100 _a16
101 _aHIS
245 0 0 _aMaking America :
_cCarol Berkin ... [et al.].
504 _aIncludes bibliographical references and index.
906 _a7
_bcbc
_corignew
_d2
_eepcn
_f20
_gy-gencatlg
942 _2ddc
_cBK
999 _c38979
_d38979